Financial Directory 1994-1995 Slovakia
Guardado en:
| Otros Autores: | |
|---|---|
| Formato: | Libro |
| Lenguaje: | eslovaco |
| Publicado: |
Bratislava
HEROLD BUSINESS DATA
1994
|
| Edición: | 1. vyd. |
| Materias: | |
| Etiquetas: |
Sin Etiquetas, Sea el primero en etiquetar este registro!
|
MARC
| LEADER | 00000nam a2200000 4500 | ||
|---|---|---|---|
| 001 | c010302 | ||
| 005 | 20221128072755.5 | ||
| 020 | |a 80-85712-16-4 | ||
| 041 | 0 | |a slo | |
| 044 | |a SK | ||
| 245 | 1 | 0 | |a Financial Directory 1994-1995 |b Slovakia |c Edit. Ivan Matušík |
| 250 | |a 1. vyd. | ||
| 264 | 1 | |a Bratislava |b HEROLD BUSINESS DATA |c 1994 | |
| 300 | |a 140 s. | ||
| 610 | 2 | 0 | |a ústavy finančné |
| 610 | 2 | 0 | |a Slovensko |
| 610 | 2 | 0 | |a spoločnosti finančné |
| 610 | 2 | 0 | |a úrady daňové |
| 610 | 2 | 0 | |a spoločnosti lízingové |
| 610 | 2 | 0 | |a poisťovne |
| 610 | 2 | 0 | |a tlačiarne |
| 610 | 2 | 0 | |a fondy investičné |
| 610 | 2 | 0 | |a banky |
| 610 | 2 | 0 | |a burzy |
| 610 | 2 | 0 | |a 1994-1995 |
| 700 | 1 | |a Matušík, Ivan | |